[Event "Tata Steel Qualifier 82nd"]
[Site "Wijk aan Zee"]
[Date "2020.01.26"]
[Round "9"]
[White "Vogel, Roven"]
[Black "Zwirs, Nico"]
[Result "1-0"]
[WhiteElo "2465"]
[BlackElo "2418"]
[Annotator "Vogel,R"]
[PlyCount "111"]
[EventDate "2020.01.17"]
[EventType "tourn"]
[EventRounds "9"]
[EventCountry "NED"]
[EventCategory "7"]
[SourceTitle "CBM 194"]
[Source "ChessBase"]
[SourceDate "2020.01.27"]
[SourceVersion "1"]
[SourceVersionDate "2020.01.27"]
[SourceQuality "1"]

{Die Turniersituation vor dieser Letztrundenpartie war eindeutig: Im Falle
eines Sieges meinerseits würde ich das Turnier dank besserer Zweitwertung
gewinnen, bei Remis oder gar Sieg für meinen Gegner, Nico Zwirs, würde er
den begehrten Qualifikationsplatz für das "Challengerturnier" 2021 erhalten,
da er einen ganzen Punkt Vorsprung auf mich hatte. Trotzdessen ging ich recht
entspannt in die Partie, da ich ohnehin recht zufrieden mit meinem
vorausgegangen Spiel war.} 1. d4 d5 2. c4 e6 3. Nf3 Nf6 4. Nc3 c6 $5 {Clevere
Eröffnungswahl meines Gegners: Dass er nicht unbedingt seine Hauptwaffe
Königsindisch spielen würde, hatte ich schon geahnt, aber mit Semi-Slawisch
hatte ich dann doch nicht gerechnet. Da ich überhaupt nicht einschätzen
konnte, wie viel Wissen er zu den Hauptvarianten hat, spielte ich einen selten
gespielten Zug, den ich in ähnlicher Form einmal von GM Luca Moroni
vorgesetzt bekam und durchaus als leicht unangenehm empfand.} 5. Qd3 $5 dxc4 6.
Qxc4 b5 7. Qd3 Nbd7 $5 ({In die eben benannte Partie hätte} 7... a6 {
übergeleitet:} 8. e4 c5 9. dxc5 Qxd3 $6 {führte in meiner Partie zu leichten
praktischen Problemen, obwohl Schwarz auch hier objektiv nichts Schlimmes
befürchten muss.} (9... Bxc5 $142 10. Qxd8+ Kxd8 11. Bd3 ({zu ehrgeizig wäre
das verlockende} 11. e5 $6 Ng4 $1 12. Bg5+ Ke8 13. O-O-O Nd7 {0-1 (36) Navara,
D (2672)-Kramnik,V (2788) Prague 2008 und Schwarz stand schon praktisch auf
Gewinn.}) 11... Nbd7 12. O-O Bb7 13. e5 Nd5 14. Ne4 Ke7 $132 {1/2-1/2 (67)
Tregubov,P (2612)-Gelfand,B (2713) Sochi 2005 mit gutem Spiel für Schwarz})
10. Bxd3 Bxc5 11. e5 Nfd7 12. Be4 Ra7 13. O-O O-O 14. Bf4 Rc7 15. Rac1 Bb6 16.
b4 Bb7 17. Bxb7 Rxb7 18. Ne4 Rc7 19. Rxc7 Bxc7 20. Rc1 Bd8 21. Be3 Be7 22. a3
Rd8 23. Kf1 f5 24. exf6 gxf6 25. Rc7 Kf7 26. g4 Ke8 27. Nd4 Nf8 28. Ke2 Rd7 29.
Rc1 Kf7 30. Nc6 Rb7 31. Nd8+ {1-0 (31) Moroni,L (2556)-Vogel,R (2449) Le
Castella 2018}) 8. Bg5 $6 {Zeigt meine theoretische Unwissenheit, nach der ich
schon um Ausgleich kämpfen muss.} ({Nach} 8. a3 $5 {hätte ich zumindest
nicht nach 8 Zügen mit Weiß um Ausgleich kämpfen müssen...}) 8... Be7 $6 {
Solide aber auch etwas harmlos, zudem nicht unbedingt klar ist, warum Schwarz
sofort den Läufer dort braucht. Während mein Gegner nachdachte, waren mir
vor allem all die schwarzen Versuche, sofort den Kampf im Zentrum zu suchen,
sehr unangenehm. Oberflächlich betrachtet schein ich zwar ganz gute
Zentrumskontrolle zu besitzen, in Wahrheit fehlt mir allerdings einfach der
Lf1, dessen Entwicklung auch noch zwei bis drei Züge in Anspruch nimmt.} (8...
b4 $5 9. Ne4 Qa5 10. Nxf6+ (10. Ned2 Ba6 11. Nc4 Qd5 12. e3 Ne4 13. Bh4 g5 14.
Bg3 g4 $13 {- vor solchen überfallartigen Angriffen hatte ich etwas Sorge.})
10... gxf6 11. Bd2 Ba6 12. Qc2 c5 13. d5 $5 exd5 14. a3 $13 {mit großem
bevorstehenden Kampf um die Initiative}) ({selbst in meinem Traumszenario war
es schwer auf Vorteil hoffen zu können} 8... h6 $5 9. Bxf6 Nxf6 (9... Qxf6 $6
{Die Dame müsste von hier aus früher oder später nochmal ziehen, da sie
gewissermaßen am Damenflügel fehlt und dem Sd7 und Lf8 etwas im Weg steht.})
10. g3 Bb7 11. Bg2 a6 12. Ne5 Qb6 $132 {[%cal Gc6c5] zumindest kann ich hier
etwas spielen}) (8... c5 $5 $13) (8... Bb7 $5 9. g3 c5 $132) 9. g3 $6 {Leider
hat Weiß dafür keine Zeit.} (9. e4 $142 b4 10. Na4 h6 11. Bxf6 (11. Bd2 $5
Bb7 12. Rc1 Rc8 13. e5 Nd5 14. Nc5 Nxc5 15. dxc5 a5 $132 {[%cal Gc8a8,Gb7a6]})
11... Nxf6 12. Ne5 Qa5 13. Qb3 Qc7 14. Qc2 Bb7 15. f3 Rd8 16. O-O-O Rxd4 17.
Rxd4 Qxe5 18. Rc4 Nd7 $44) 9... b4 $1 10. Nb1 $6 {Ein trauriger Zug,
allerdings waren mir die Alternativen auch nicht gerade symphatisch.} (10. Ne4
Nxe4 11. Bxe7 Nxf2 $1 12. Kxf2 Qxe7 $15 {sah nach einem Trick aus, den ich
besser vermeiden sollte, auch wenn die Maschine mir durchaus wage Kompensation
zugesteht, die ich nicht unbedingt sehe}) (10. Na4 {Wir alle wissen, was der
Springer am Rand bringt.} Qa5 11. Qd1 Ba6 $17) (10. Bxf6 bxc3 11. Bxe7 cxb2 12.
Rb1 Qa5+ $1 $15 {schreckte mich auch ab.}) 10... c5 (10... a5 $1 {[%cal Gc8a6,
Gc6c5,Ga8c8,Yg2a8] Als ich diesen Zug bemerkte, kamen in mir sehr negative
Erinnerungen aus einer "uralten" Partie hoch, die ich 2013 bei der Jugend-EM
gegen den bereits erwähnten Luca Moroni in ähnlicher Stellung chancenlos
verloren hatte. Der Punkt ist, dass der Läufer auf a6 wesentlich effektvoller
ist, als sein Pardon auf g2, da dieser nach c5 und Tc8 nur noch ins "Leere"
guckt.}) 11. Bg2 Bb7 12. Nbd2 Rc8 13. O-O O-O $15 {Der Eröffnungsausgang ist
sehr ungünstig für mich. Das Problem besteht nicht unbedingt darin, dass ich
wegen meiner unkoordinierten Figuren leicht schlechter stehe, sondern vielmehr
darin, dass die schwarze Stellung unheimich gesund ist und ich keinerlei
Chancen auf dynamische Ungleichgewichte habe, womit das Beste, auf das ich
hoffen kann, ein sehr remisliches Endspiel ist. Daher versuchte ich meine
Kompensation auf der Uhr zu suchen.} 14. a3 $5 {Der Versuch irgendwelche
Fragen zu stellen. In der Tat begann mein Gegner ab hier unverhältnismäßig
viel Zeit zu verbrauchen.} bxa3 15. bxa3 (15. Rxa3 $2 c4 $1 $17) ({Für einen
kurzen Moment war ich sogar bereit, das dubiose} 15. Qxa3 $6 {zu spielen, nur
um Ungleichgewichte zu erzeugen:} cxd4 16. Qxa7 Nc5 17. Bxf6 gxf6 ({ebenfalls
möglich ist} 17... Bxf6 18. b4 Rc7 $1 $132) 18. Qa5 d3 $15 {doch dann fiel
mir auf, dass die entstandenen Ungleichgewichte keinerlei positive Aspekte
für mich enthalten.}) (15. Bxf6 Bxf6 16. Rxa3 cxd4 17. Rxa7 Bd5 $15 {- auch
sehr komfortabel für Schwarz.}) 15... cxd4 16. Qxd4 h6 ({Mein Gegner hätte
durchaus ambitionierter spielen können:} 16... Ba6 17. Rfc1 h6 18. Be3 Nd5 $17
) 17. Be3 Bc5 18. Qd3 Nb6 $6 {Logisch, aber auch gewissermaßen hinterfragbar.
Warum ein remisliches Endspiel spielen, wenn man auch um Vorteil im
Mittelspiel kämpfen kann? Schließlich besagt eine alte Weisheit, dass man
auf Gewinn spielen sollte, wenn man Remis machen möchte.} (18... Qe7 $132 {
[%cal Gc5b6,Gf8d8,Ye6e5,Ye5e4]}) 19. Qxd8 (19. Rfc1 Qxd3 20. exd3 Bxe3 21. fxe3
$11 {schien auch nur meine Stellung zu verschlechtern, da ich für die
zusätzliche Bauerninsel keine wirkliche Aktivität bekomme.}) 19... Rfxd8 20.
Bxc5 Rxc5 $11 {Hier bot mir mein Gegner mit 50 Minuten Restbedenkzeit weniger
Remis an, was ich auf Grund der gegebenen Turniersituation als leichte
Provokation aufnahm.} 21. Rfc1 Rxc1+ 22. Rxc1 Rc8 23. Rxc8+ Nxc8 24. Ne5 Bxg2
25. Kxg2 $132 {Der beste Fall ist eingetreten: Ich hab ein Endspiel erreicht,
in dem ich durchaus Chancen habe, zumindest ein paar Fragen zu stellen.
Außerdem verblieb ich mit viel mehr Restbedenkzeit, was sich noch als
wesentlicher Faktor herausstellen sollte.} Nd5 (25... Kf8 26. Kf3 Ke7 27. Ke3
Nd7 $11 {schien der plausibelste Weg zur "Neutralisation" zu sein.}) 26. Kf3 f6
27. Nec4 Kf7 28. Ke4 Ke7 29. Kd4 Kd7 30. e4 Ndb6 $6 (30... Nc7 31. f4 Ne7 32.
Nf3 Nc6+ 33. Kc5 (33. Kd3 Na6 34. e5 Nc5+ 35. Ke3 h5 $11 {Die schwarzen
Springer sind ausreichend aktiv, um den leichten Raumnachteil zu kompensieren.}
) 33... Na6+ 34. Kb5 Nc7+ $11) 31. e5 $1 {Ab hier beginnen die Probleme für
Schwarz. Soll er f5 machen, um den Königsflügel weitestgehend abzuschließen,
aber sich damit eine dauerhafte Schwäche auf e6 verpassen lassen, die sobald
ein weißer Springer auf c5 auftaucht, womöglich von einem passiven König
auf e7 verteidigt werden muss und ihm in vielen Bauernendspielen zum
Verhängnis wird? Soll er auf e5 nehmen, um so seinem König und Springer das
Feld d6 freizukämpfen, aber gleichzeitig meinen Springern einen großartigen
Vorposten geben? Oder soll er doch lieber die Spannung aufrecht erhalten, aber
so Bauernschwächen am Königsflügel in Kauf nehmen? Mein Gegner entscheidet
sich für Letzteres.} Kc6 32. exf6 (32. Nxb6 axb6 33. exf6 gxf6 34. g4 $5 (34.
Ne4 e5+ 35. Kd3 f5 36. Nf6 Ne7 $11 {[%cal Gc6d6,Gd6e6,Yc6b5,Yb5a4]}) 34... Nd6
35. Ne4 f5 36. gxf5 (36. Nxd6 Kxd6 37. gxf5 exf5 38. a4 Ke6 39. Kc4 Kd6 40. Kb5
Kc7 $11) 36... Nb5+ $1 37. Ke5 exf5 38. Kxf5 Nxa3 $11) 32... gxf6 ({natürlich
nicht} 32... Nxc4 $4 {wegen} 33. f7 $18) 33. Ne3 Nd6 $6 {Unnötig, wonach sich
Schwarz auf ein kleines Wettrennen einlassen muss.} ({Ultrasolide wäre} 33...
Nd7 $1 {gewesen:} 34. Ng4 $6 h5 35. Ne3 Nd6 $11) 34. Ng4 Nb5+ 35. Kd3 f5 36.
Nxh6 Nxa3 37. f3 Kd6 38. g4 Ke5 $4 {Mit sehr knapper Restbedenkzeit begeht
mein Gegner einen großen Fehler. Viele Wege führten für Schwarz ins
"Challenger" 2021.} (38... fxg4 39. fxg4 Ke5 40. g5 Nd5 $11) (38... Nd5 39.
gxf5 exf5 40. Nxf5+ Ke5 41. Ne3 Nxe3 42. Kxe3 Nc2+ $11) 39. g5 Nd5 $2 {Der
partieentscheidende Fehler.} (39... Nd7 $1 {Eröffnet die Springertänze!
Natürlich sind die folgenden Varianten ausschließlich maschinenbasiert.
Keiner von uns beiden hat auch nur ansatzweise an sowas während dieser
emotionalen Partie gedacht.} 40. Nf7+ Kd5 41. h4 e5 42. h5 Ke6 43. Nh8 $3 (43.
Nd8+ Ke7 44. Nc6+ Kf7 $11 {Schwarz rettet sich in noch in letzter Sekunde.})
43... e4+ (43... Nb5 44. h6 (44. g6 $2 e4+ $3 45. fxe4 (45. Ke3 Nf6 46. h6 Nd5+
47. Ke2 Kf6 48. g7 Ne7 49. fxe4 Nc3+ 50. Kd3 Nxe4 51. Nxe4+ fxe4+ 52. Kxe4 Ng8
53. h7 Kxg7 54. hxg8=Q+ $11) 45... Ne5+ 46. Ke3 (46. Kc2 Kf6 47. exf5 Nd4+ $11)
46... Kf6 47. exf5 Kxf5 48. g7 Ng4+ 49. Kd3 Nh6 50. Nf7 Ng8 51. Ne4 Ke6 52.
Nfg5+ Ke7 $11 {[%cal Gb5c7,Gc7e8,Gg8h6]}) 44... Nd6 (44... e4+ 45. Ke3 $1 (45.
fxe4 $2 Nd6 46. g6 fxe4+ 47. Nxe4 Ne5+ 48. Kc2 Nxg6 49. Nxg6 Nf7 50. h7 Kf5 $11
) 45... Nd6 46. Nb3 $1 $18 {- Mobilisierung aller Kräfte.}) 45. g6 Nf6 46. h7
$18) (43... Ke7 44. h6 Kf8 45. g6 Kg8 46. Nf7 Nf8 47. Nxe5 $18) 44. fxe4 Nb5 (
44... fxe4+ 45. Kxe4 Nb5 46. h6 Nd6+ 47. Kf4 $18) 45. Ke3 Nd6 46. Ng6 fxe4 47.
Nxe4 Nf7 48. Kf4 a5 49. Nc3 Nc5 50. Kg4 a4 51. Nf4+ Ke7 52. g6 a3 53. gxf7 Kxf7
$11) 40. Nf7+ Kf4 41. g6 $1 {Jetzt gibt es kein Sf4+!} (41. h4 $2 Kg3 42. h5
Nf4+ $11 {Ich bin mir sicher, dass dies die Idee meines Gegners war.}) 41...
Nf6 42. g7 $1 (42. h4 $4 Nh5 $11 {und der Springer hält die Bauern
rechtzeitig auf.}) 42... e5 $6 {Jetzt verliert Schwarz relativ trivial.} ({
Die einzige mögliche Verteidigung von Schwarz, die ich in der Partie
betrachtete, war mit der Idee verbunden, den Springer nach e7 zu überführen,
um so möglichst lange die weißen Bauern von einer Promotion abzuhalten.
Allerdings ahnte ich, dass ich mit meinem Sd2 einen seiner Springer so
ablenken können würde, dass einer meiner beiden Freibauern doch zur Dame
wird.} 42... Nb5 43. h4 Nc7 44. h5 Ncd5 45. h6 Ne7 46. Nc4 Kxf3 (46... Nh7 47.
Nce5 Ng8 48. Kc4 $18 {Wunderschön: Der weiße König hat alle Zeit der Welt,
da Schwarz sich überhaupt nicht wehren kann.}) 47. Nce5+ Kg3 48. Nd7 Nh7 49.
Nf8 Nf6 50. Ne5 f4 51. Ned7 {Jetzt ist h7 kontrolliert.} Neg8 52. Nxf6 Nxh6 53.
Nxe6 f3 54. Ng5 f2 55. Nge4+ Kg2 56. Nxf2 Kxf2 57. Ng4+ $18) 43. h4 e4+ 44.
fxe4 fxe4+ 45. Nxe4 Ng8 46. Ng3 $1 $18 {[%csl Re5,Rf5,Rg5,Rh5][%cal Gg3f5,
Gf7e5,Gf7g5,Gg3h5] Keine Chance für den schwarzen König, sich den Freibauern
auch nur zu nähern!} Nb5 47. h5 Nd6 48. h6 Nxf7 49. h7 Nfh6 50. Ne2+ Kf5 51.
h8=Q Kg6 52. Nf4+ Kg5 53. Nd5 Kg6 54. Kc4 Kf7 55. Qh7 Ng4 56. Qh5+ {Keine
schöne Partie, aber eine, die mir die Möglichkeit gibt, mich nächstes Jahr
auf ein neues in Wijk aan Zee zu beweisen!} 1-0

[Event "Hyderabad WIPRO"]
[Site "Hyderabad"]
[Date "2000.07.19"]
[Round "4"]
[White "Vladimirov, Yevgeniy"]
[Black "Vijayalakshmi, Subbaraman"]
[Result "1-0"]
[WhiteElo "2598"]
[BlackElo "2378"]
[Annotator "Wells,P"]
[PlyCount "51"]
[EventDate "2000.07.16"]
[EventType "tourn"]
[EventRounds "11"]
[EventCountry "IND"]
[EventCategory "10"]
[SourceTitle "CBM 079"]
[Source "ChessBase"]
[SourceDate "2000.11.21"]
[SourceVersion "1"]
[SourceVersionDate "2000.11.21"]
[SourceQuality "1"]

1. d4 d5 2. c4 c6 3. Nc3 Nf6 4. Nf3 e6 5. Bg5 h6 6. Bxf6 Qxf6 7. g3 Nd7 8. Bg2
Bb4 9. Qb3 Ba5 $6 {[%csl Ra5]} 10. O-O O-O 11. Rad1 dxc4 12. Qxc4 e5 13. Ne4
Qe7 14. Nh4 $1 {[%cal Gh4g6,Gh4f5]} Nb6 15. Ng6 $1 {Of course, the retreat of
the queen would allow black time to consolidate, but this 'counterthreat'
enables white's queen to head for an active post which in turn gains a tempo.}
Qc7 16. Qc5 Nd7 17. Ne7+ Kh8 18. Qa3 exd4 19. Nd6 $16 Bb6 20. Ndxc8 Bc5 $6 21.
b4 $18 Bb6 22. Nxb6 axb6 23. Qb2 Rad8 24. Rxd4 Qe5 25. Nxc6 bxc6 26. Qd2 1-0

[Event "Pyramiden Franken Cup 5th"]
[Site "Fuerth"]
[Date "2002.09.08"]
[Round "9"]
[White "Wells, Peter K"]
[Black "Khenkin, Igor"]
[Result "1/2-1/2"]
[WhiteElo "2479"]
[BlackElo "2598"]
[Annotator "Wells,P"]
[PlyCount "90"]
[EventDate "2002.08.31"]
[EventType "swiss"]
[EventRounds "9"]
[EventCountry "GER"]
[SourceTitle "CBM 090 Extra"]
[Source "ChessBase"]
[SourceDate "2002.11.07"]
[SourceVersion "1"]
[SourceVersionDate "2002.11.07"]
[SourceQuality "1"]

1. d4 d5 2. c4 c6 3. Nf3 Nf6 4. Nc3 e6 5. Bg5 h6 6. Bxf6 {The origins of
potential light-square play as discussed in the main text. I am not too
convinced of the efficacy of the g3 line (surprise value played a definite
role here) but when it comes to taking the light-squared chances seriously it
is certainly at the forefront, as indeed is the closely related Open Catalan.}
Qxf6 7. g3 Nd7 8. Bg2 dxc4 9. O-O Be7 10. a4 O-O 11. a5 e5 12. e3 $5 Rd8 13.
Qe2 Qe6 {[%cal Ya5a6,Yg2a8,Yd4d5,Yc3d5,Ye2c4]} 14. a6 $1 {[%csl Yb7,Yd5][%cal
Yg2a8]} bxa6 (14... b5 $5 15. dxe5 Nxe5 16. Nxb5 $14) 15. d5 $1 cxd5 16. Ng5
hxg5 17. Bxd5 Qg6 18. Bxa8 $14 Nb6 {As I discussed in the text, such a
complete change of scene brings with it very special challenges. White has
made a small material gain, but black's position is considerably freed, and
this comfortable development is the first evidence for this.} 19. Bg2 (19. Be4
$5 f5 20. Bg2) 19... Bf5 {[%csl Gd3][%cal Gf5d3] The c4 pawn becomes something
of an asset.} 20. Rfd1 Bd3 21. Qf3 Bb4 {The makings of a light-square strategy!
} 22. Qb7 a5 23. Qxa7 f5 $2 24. Nd5 $1 Nxd5 25. Bxd5+ Kh7 26. Bxc4 e4 27. Qa6
Qxa6 28. Bxa6 Rd6 29. Bxd3 exd3 30. Rac1 $16 d2 31. Rc4 g4 32. f3 gxf3 33. Kf2
g5 34. Kxf3 Kg6 35. h3 Rd3 36. Rc6+ Kg7 37. g4 $4 $138 {A truly awful
time-trouble blunder which nearly results in a dark-square rout.} f4 $17 38.
Re6 Rb3 39. h4 fxe3 40. hxg5 Rxb2 41. Kxe3 Rb3+ 42. Ke4 Rg3 43. Rb6 Rg2 44. Kf3
$1 Rh2 45. Rh6 $1 Rxh6 1/2-1/2

[Event "USA-ch"]
[Site "Saint Louis"]
[Date "2017.04.02"]
[Round "5"]
[White "Akobian, Varuzhan"]
[Black "Shankland, Samuel L"]
[Result "1-0"]
[WhiteElo "2645"]
[BlackElo "2666"]
[Annotator "Yermolinsky,A"]
[PlyCount "115"]
[EventDate "2017.03.29"]
[EventType "tourn"]
[EventRounds "11"]
[EventCountry "USA"]
[EventCategory "18"]
[SourceTitle "CBM 178"]
[Source "ChessBase"]
[SourceDate "2017.05.14"]
[SourceVersion "1"]
[SourceVersionDate "2017.05.14"]
[SourceQuality "1"]

1. d4 d5 2. c4 e6 3. Nf3 Nf6 4. Nc3 c6 5. Bg5 h6 6. Bxf6 Qxf6 7. Qb3 dxc4 8.
Qxc4 Nd7 9. Rd1 Rb8 $6 {A bizarre looking novelty from Sam, but it's
recommended by silicon minds.} (9... g6 10. a3 Bg7 11. e4 O-O 12. e5 Qe7 13.
Ne4 {Ivanchuk-Predojevic, 2016, brought White success.}) 10. g3 {Varuzhan
switches to Catalan tracks.} (10. a3 Qd8 11. e4 b5 {has to be the point of the
mysterious rook move. After} 12. Qxc6 $6 Rb6 13. Qa8 a6 {the white queen is in
grave danger.}) 10... Qd8 11. Bg2 Be7 12. O-O b5 13. Qd3 (13. Qxc6 $2 Bb7)
13... O-O 14. Ne4 Qa5 $6 ({The more accurate} 14... Qb6 {will be tested
shortly, I'm sure.}) 15. Nc5 $5 Nxc5 16. dxc5 Bf6 (16... Bxc5 17. Ne5 {is
extremely awkward for Black, who has positioned his major pieces right into a
fork from c6.}) 17. Qd6 $1 {Very energetic play from Akobian.} Ba6 $2 (17...
Bb7 18. Ne5 Rbd8 19. Nxc6 Bxc6 20. Qxc6 Rxd1 21. Rxd1 b4 $1 {might have been
enough to get Black out of trouble. Surprisingly the white queen cannot step
out of the way without abandoning its c-pawn.}) 18. Ne5 Bxe5 19. Qxe5 b4 20.
Bxc6 {Not bad, albeit materialistic.} ({I wanted to see} 20. Rd7 Bb5 21. Rfd1
Qxa2 22. Rxf7 $1 {This isn't just a random line. Many games have been won by
following Alekhine's dictum of tying up the defender on the other side, and
then using your superior forces for a quick kingside kill.}) 20... Rbc8 21. Rd6
Bxe2 22. Rc1 Bb5 23. Bb7 Rc7 24. c6 Qb6 {This is where I chalked up the second
win for the old guard.} 25. Qc5 $5 ({The same logic applies here:} 25. h4 {
How's Black going to untangle?} Ba6 {allows} 26. Bxa6 Qxa6 27. Rxe6) 25... Qxc5
26. Rxc5 a6 27. Rd4 Rb8 28. Rxb5 axb5 29. Rxb4 $3 {This was Akobian's idea. I
admit I didn't see it.} Rbxb7 30. cxb7 Rxb7 31. a4 Ra7 $5 (31... Kf8 32. Rxb5
Rxb5 33. axb5 Ke7 34. f4 Kd6 35. Kf2 Kc5 36. Ke3 Kxb5 37. Kd4 Kb4 38. Ke5 Kc5
39. g4 Kc6 40. h4 Kc5 41. h5 Kc6 42. b4) 32. axb5 Kf8 33. b6 Rb7 34. Kg2 Ke7
35. Kf3 Kd6 36. Ke4 Kc5 37. Rb3 f6 38. Kd3 e5 39. g4 {A classic example of th
winning advantage of an outside passer.} g6 40. h4 f5 41. h5 gxh5 42. gxf5 h4
43. Ke4 Kd6 44. f6 h3 45. Kf5 e4 46. Rxh3 Rxb6 {I had long stopped following
this game, thinking Sam was just going through the motions, but then there was
a sudden twist in the tail.} 47. b3 $6 {I don't get it. To me keeping this
pawn is unnecessary.} ({With his king supporting the passed pawn all White
needed to do is to eliminate some driftwood:} 47. Rh4 Rxb2 (47... Rb5+ 48. Kg6)
48. Rxe4 Rxf2+ 49. Kg6 h5 50. f7 {isn't this routine?}) 47... Rb5+ 48. Kxe4 $4
{A terrible move, but in some way it is consistent with 47.b3.} ({Instead,} 48.
Kg6 Rg5+ 49. Kf7 Rg2 50. Rxh6 Rxf2 51. Ke8 {promotes the pawn.}) 48... h5 {
A whole new ballgame now.} 49. Rf3 (49. Kd4 Rb4+ 50. Kc3 Rf4) (49. b4 Ke6 50.
Rb3 Kxf6 51. Kd4 h4 52. Kc4 Rh5) 49... Ke6 50. Kd4 ({Suddenly} 50. f7 {doesn't
work. Clearly Varuzhan missed} Rb4+ $1 51. Kd3 Rxb3+ 52. Ke2 Rxf3 53. Kxf3 Kxf7
) 50... Kf7 51. Kc4 Rb8 52. b4 h4 53. b5 Rh8 54. Rh3 Kxf6 55. b6 Ke7 $4 {
Words fail me.} (55... Kg5 {just *had* to be played, and guess what? It would
have saved the game!} 56. f3 (56. Kb5 Kg4 57. Rh1 Rf8 58. Rh2 Rf3 59. b7 Rb3+
60. Kc6 h3 61. Rh1 Rc3+ {is an elementary draw.}) 56... Rc8+ 57. Kb5 Rc1 58.
Rh2 (58. f4+ Kg4 59. Rb3 Rc8 60. b7 Rb8 61. Kc6 Kxf4 $11) 58... Rb1+ 59. Kc6
Rc1+ 60. Kb7 Rc3 61. Rg2+ Kh5 62. f4 h3 63. Rb2 Kg4 $11) 56. Kb5 Kd7 57. Ka6
Kc6 58. b7 {At least I got the result right: the older gentleman won.} 1-0